000 00433nam a2200121 a 4500
001 000045022
005 20201002045818.0
008 150129s1993 000 spa d
040 _aDO-SdBNP
_bspa
_cBNPHU
245 0 _a¿Qué es un Módulo Participativo? :. :
_bprograma de entrenamiento de profesores.
260 _aSanto Domingo, :
_bSecretaria de Estado de Educación Bellas Artes y Cultos,
_c1993.
300 _a12 p, :
_bil. ;
_c21 cm.
999 _c44511
_d44511